000 00854nam a22002897a 4500
001 BR0403807
003 BR-BrBNA
005 20230928101658.0
007 ta
008 230509b bl.||||| |||| 00| 0 por d
040 _aBR-BrBNA
_bpor
_cBiblioteca Nacional de Agricultura
041 _a(Por)
072 _aS01; E14
090 _ S01 BR0403807
100 1 _aWerneck, N.
245 1 _aComo os voluntários podem fazer parte do programa Fome Zero
_bIlustrações de Rafael do Prado Alves, Marcos Takashi Yamagishi, Valmir José
260 3 _aSão Paulo, SP (Brasil):
_c2003.
300 _a34 p.
500 _a25 illus.
650 _aALIMENTAÇÃO
650 _aTRABALHO VOLUNTÁRIO
650 _aFOME ZERO
650 _aSEGURANÇA ALIMENTAR
650 _aPROJETO DE DESENVOLVIMENTO
909 _a202309
_bLucia
_c55
_dLucia Elande
942 _cBK
999 _c67028
_d67028